[Event "Asia-ch 5th"]
[Site "Hyderabad"]
[Date "2005.10.15"]
[Round "9"]
[White "Rohit, Gogineni"]
[Black "Yogesh, Gore"]
[Result "1-0"]
[WhiteElo "2401"]
[BlackElo "2316"]
[PlyCount "97"]
[EventDate "2005.10.05"]
[EventType "swiss"]
[EventRounds "9"]
[EventCountry "IND"]
[SourceTitle "CBM 110"]
[Source "ChessBase"]
[SourceDate "2006.01.31"]
[SourceVersion "1"]
[SourceVersionDate "2006.01.31"]
[SourceQuality "1"]

1. e4 c5 2. Nf3 a6 3. c4 Nc6 4. d4 cxd4 5. Nxd4 d6 6. Nc3 g6 7. Be2 Bg7 8. Be3 Nf6 9. Qd2 Ng4 10. Bxg4 Bxg4 11. f3 Bd7 12. 0-0 Ne5 13. b3 h5 14. h3 Rc8 15. Rad1 Qa5 16. Nd5 Qxd2 17. Rxd2 Bc6 18. Nb6 Rc7 19. Re1 0-0 20. Bg5 Nd7 21. Nd5 Bxd5 22. exd5 Bxd4+ 23. Rxd4 f6 24. Bd2 Kf7 25. Rde4 Ne5 26. Ba5 Rd7 27. Bb6 g5 28. h4 g4 29. f4 Ng6 30. g3 Rc8 31. R1e2 Kf8 32. Kf2 Nh8 33. Ke3 Nf7 34. Re6 Nd8 35. Re4 Nf7 36. Re6 Nd8 37. Kd4 Nxe6+ 38. dxe6 Rdc7 39. Bxc7 Rxc7 40. b4 f5 41. c5 b6 42. Rc2 bxc5+ 43. bxc5 Rc8 44. c6 Rc7 45. Kd5 Ke8 46. Rb2 Rc8 47. Rb6 a5 48. a4 Ra8 49. Rb7 1-0

[Event "Commonwealth-ch"]
[Site "Mumbai"]
[Date "2004.01.18"]
[Round "9"]
[White "Ganguly, Surya Shekhar"]
[Black "Yogesh, Gore"]
[Result "1-0"]
[WhiteElo "2541"]
[BlackElo "2268"]
[PlyCount "53"]
[EventDate "2004.01.10"]
[EventType "swiss"]
[EventRounds "9"]
[EventCountry "IND"]
[SourceTitle "EXT 2006"]
[Source "ChessBase"]
[SourceDate "2005.11.24"]
[SourceVersion "1"]
[SourceVersionDate "2005.11.24"]
[SourceQuality "1"]

1. e4 e6 2. d4 d5 3. Nc3 Be7 4. e5 c5 5. dxc5 Nc6 6. Nf3 Bxc5 7. Bd3 Nge7 8. 0-0 Ng6 9. Bg5 Be7 10. Bxe7 Qxe7 11. Re1 a6 12. Qd2 b5 13. Qe3 Bb7 14. Ne2 0-0 15. Ned4 Rae8 16. a4 Nxd4 17. Qxd4 b4 18. a5 Rb8 19. h4 f5 20. exf6 Rxf6 21. Bxg6 hxg6 22. Ne5 Rff8 23. Re2 g5 24. hxg5 Rf4 25. Qb6 d4 26. Ng6 Qxg5 27. Nxf4 1-0

[Event "Commonwealth-ch"]
[Site "Mumbai"]
[Date "2004.01.16"]
[Round "7"]
[White "Sengupta, Deep"]
[Black "Yogesh, Gore"]
[Result "1/2-1/2"]
[WhiteElo "2349"]
[BlackElo "2268"]
[PlyCount "58"]
[EventDate "2004.01.10"]
[EventType "swiss"]
[EventRounds "9"]
[EventCountry "IND"]
[SourceTitle "EXT 2006"]
[Source "ChessBase"]
[SourceDate "2005.11.24"]
[SourceVersion "1"]
[SourceVersionDate "2005.11.24"]
[SourceQuality "1"]

1. e4 b6 2. d4 Bb7 3. Nc3 e6 4. Bd3 Bb4 5. Nge2 c5 6. dxc5 bxc5 7. a3 Ba5 8. Be3 Nf6 9. 0-0 Ng4 10. Bxc5 Qc7 11. Ng3 Bxc3 12. bxc3 Nxh2 13. Bb4 Nxf1 14. Bxf1 Nc6 15. Bd6 Qa5 16. Rb1 Ba6 17. Bxa6 Qxa6 18. e5 Ne7 19. Qg4 Qc6 20. Re1 Qxc3 21. Bb4 Qxc2 22. Ne4 Nf5 23. Qf3 d5 24. Nd6+ Nxd6 25. Bxd6 Rc8 26. Qg4 Rg8 27. Qg5 f6 28. exf6 Kf7 29. Qe3 Qf5 1/2-1/2

[Event "Commonwealth-ch"]
[Site "Mumbai"]
[Date "2004.01.12"]
[Round "3"]
[White "Adithya, B."]
[Black "Yogesh, Gore"]
[Result "0-1"]
[WhiteElo "2040"]
[BlackElo "2268"]
[PlyCount "42"]
[EventDate "2004.01.10"]
[EventType "swiss"]
[EventRounds "9"]
[EventCountry "IND"]
[SourceTitle "EXT 2006"]
[Source "ChessBase"]
[SourceDate "2005.11.24"]
[SourceVersion "1"]
[SourceVersionDate "2005.11.24"]
[SourceQuality "1"]

1. Nf3 d5 2. g3 e5 3. d3 Be7 4. Bg2 c6 5. 0-0 Be6 6. e4 h5 7. h4 Bg4 8. d4 Nd7 9. Qd3 Bxf3 10. Bxf3 g5 11. Bxg5 Bxg5 12. hxg5 Qxg5 13. Nd2 h4 14. Kg2 Ne7 15. Nc4 Ng6 16. Nd6+ Kf8 17. Qb3 Nf4+ 18. Kg1 Rh7 19. Qxb7 Rb8 20. Qxd7 hxg3 21. Qg4 g2 0-1

[Event "Chhattisgarh Trophy"]
[Site "Raipur"]
[Date "2002.??.??"]
[Round "11"]
[White "Gupta, Abhijeet"]
[Black "Yogesh, Gore"]
[Result "1/2-1/2"]
[WhiteElo "2192"]
[BlackElo "2333"]
[PlyCount "68"]
[EventDate "2002.03.02"]
[EventType "swiss"]
[EventRounds "11"]
[EventCountry "IND"]
[SourceTitle "CBM 087 Extra"]
[Source "ChessBase"]
[SourceDate "2002.05.03"]
[SourceVersion "2"]
[SourceVersionDate "2002.08.09"]
[SourceQuality "1"]

1. d4 d6 2. Bg5 Nd7 3. Nf3 Ngf6 4. Nbd2 g6 5. e4 Bg7 6. Bc4 e5 7. c3 0-0 8. 0-0 h6 9. Bh4 Qe7 10. Qc2 Nb6 11. Bb3 g5 12. Bg3 Nh5 13. dxe5 dxe5 14. Rfe1 Kh8 15. Nf1 f5 16. exf5 Bxf5 17. Qe2 e4 18. N3d2 Nf6 19. Bc2 Rae8 20. Kh1 Qf7 21. Bb3 Qg6 22. Ne3 Re7 23. Nxf5 Qxf5 24. Nf1 h5 25. Ne3 Qh7 26. h3 h4 27. Bh2 Nh5 28. Bd5 Nf4 29. Bxf4 Rxf4 30. f3 Rf8 31. Bxb7 Qh6 32. Bxe4 Be5 33. Bc2 Qf6 34. Qc4 Rfe8 1/2-1/2

[Event "Chhattisgarh Trophy"]
[Site "Raipur"]
[Date "2002.??.??"]
[Round "7"]
[White "Prathamesh, Sunil Mokal"]
[Black "Yogesh, Gore"]
[Result "1-0"]
[WhiteElo "2338"]
[BlackElo "2333"]
[PlyCount "61"]
[EventDate "2002.03.02"]
[EventType "swiss"]
[EventRounds "11"]
[EventCountry "IND"]
[SourceTitle "CBM 087 Extra"]
[Source "ChessBase"]
[SourceDate "2002.05.03"]
[SourceVersion "2"]
[SourceVersionDate "2002.08.09"]
[SourceQuality "1"]

1. e4 c5 2. Nf3 Nc6 3. d4 cxd4 4. Nxd4 e5 5. Nb5 d6 6. c4 Be7 7. b3 Nf6 8. Bd3 0-0 9. 0-0 Be6 10. N1c3 a6 11. Na3 Rc8 12. Bb2 g6 13. Be2 Nd4 14. Nc2 Nxe2+ 15. Qxe2 Nh5 16. g3 f5 17. exf5 Bxf5 18. Ne3 Bh3 19. Rfd1 Rf7 20. Ne4 Qf8 21. Ba3 Rc6 22. Rd2 Ng7 23. Rad1 Ne6 24. Bxd6 Nd4 25. Rxd4 exd4 26. Bxe7 Rxe7 27. Rxd4 Be6 28. Qb2 Bf5 29. Nc3 Rce6 30. Qd2 Be4 31. Nxe4 1-0

[Event "Chhattisgarh Trophy"]
[Site "Raipur"]
[Date "2002.??.??"]
[Round "1"]
[White "Sandipan, Chanda"]
[Black "Yogesh, Gore"]
[Result "1-0"]
[WhiteElo "2452"]
[BlackElo "2333"]
[PlyCount "38"]
[EventDate "2002.03.02"]
[EventType "swiss"]
[EventRounds "11"]
[EventCountry "IND"]
[SourceTitle "CBM 087 Extra"]
[Source "ChessBase"]
[SourceDate "2002.05.03"]
[SourceVersion "2"]
[SourceVersionDate "2002.08.09"]
[SourceQuality "1"]

1. e4 c5 2. Nf3 Nc6 3. Bb5 g6 4. Bxc6 dxc6 5. d3 Bg7 6. h3 Nf6 7. Nc3 0-0 8. Be3 c4 9. dxc4 Qc7 10. Qe2 Nh5 11. 0-0 e5 12. Rad1 b6 13. Rd2 h6 14. Rfd1 Be6 15. Rd6 Rae8 16. a4 f5 17. c5 f4 18. Bc1 bxc5 19. Qa6 Rc8 1-0

[Event "Jalandhar act"]
[Site "Jalandhar"]
[Date "2000.??.??"]
[Round "7"]
[White "Ramesh, Ramachandran B"]
[Black "Yogesh, Gore"]
[Result "1-0"]
[WhiteElo "2443"]
[BlackElo "2270"]
[PlyCount "76"]
[EventDate "2000.06.??"]
[EventType "tourn (rapid)"]
[EventRounds "12"]
[EventCountry "IND"]
[SourceTitle "EXT 2001"]
[Source "ChessBase"]
[SourceDate "2000.11.22"]
[SourceVersion "1"]
[SourceVersionDate "2000.11.22"]
[SourceQuality "1"]

1. e4 c5 2. Nf3 d6 3. d4 cxd4 4. Nxd4 a6 5. c4 e5 6. Nc2 f5 7. exf5 Bxf5 8. Be2 Nf6 9. 0-0 Be7 10. Bg5 Nc6 11. Bxf6 Bxf6 12. Ne3 Be6 13. Bg4 Bxg4 14. Qxg4 0-0 15. Nc3 Nd4 16. Rad1 Rc8 17. Rd3 Bg5 18. Ned5 Rxc4 19. Ne4 h6 20. Rc3 Rxc3 21. bxc3 Qa5 22. Nb4 Nf5 23. Nxg5 hxg5 24. Qxg5 Qc5 25. Qd2 a5 26. Nd5 Rf7 27. h3 b5 28. Re1 b4 29. Rc1 Nd4 30. Ne7+ Rxe7 31. cxd4 Qxd4 32. Rc8+ Kf7 33. Qg5 Qf4 34. Qh5+ Ke6 35. g3 Qf5 36. Qe2 Kf7 37. Rd8 Re6 38. g4 Rg6 1-0

[Event "Jalandhar act"]
[Site "Jalandhar"]
[Date "2000.??.??"]
[Round "8"]
[White "Yogesh, Gore"]
[Black "Sriram, Jha"]
[Result "1-0"]
[WhiteElo "2270"]
[BlackElo "2356"]
[PlyCount "73"]
[EventDate "2000.06.??"]
[EventType "tourn (rapid)"]
[EventRounds "12"]
[EventCountry "IND"]
[SourceTitle "EXT 2001"]
[Source "ChessBase"]
[SourceDate "2000.11.22"]
[SourceVersion "1"]
[SourceVersionDate "2000.11.22"]
[SourceQuality "1"]

1. e4 c5 2. b3 Nc6 3. Bb2 Nf6 4. e5 Nd5 5. Nc3 Nxc3 6. Bxc3 d5 7. exd6 e5 8. Bb5 Bxd6 9. Qe2 0-0 10. Bxc6 bxc6 11. Nf3 e4 12. Ne5 Re8 13. Nc4 Bf8 14. 0-0 Qg5 15. f4 Qd5 16. f5 a5 17. Qg4 a4 18. Ne3 Qd6 19. Rf4 axb3 20. cxb3 Ra7 21. Rxe4 Rxe4 22. Qxe4 Ba6 23. Nc4 Qd5 24. Qg4 Bc8 25. Rf1 Rxa2 26. Qg3 Qd8 27. Qb8 Ra6 28. Rf3 Be7 29. Rd3 Qf8 30. f6 Bxf6 31. Bxf6 gxf6 32. Rg3+ Kh8 33. Nd6 Ra1+ 34. Kf2 Ra2 35. Qxc8 Rxd2+ 36. Ke1 Qxc8 37. Nxf7# 1-0

[Event "Goodricke op 10th"]
[Site "Kolkata"]
[Date "1999.02.12"]
[Round "7"]
[White "Neelotpal, Das"]
[Black "Yogesh, Gore"]
[Result "1-0"]
[WhiteElo "2435"]
[BlackElo "2320"]
[PlyCount "71"]
[EventDate "1999.02.06"]
[EventType "swiss"]
[EventRounds "11"]
[EventCountry "IND"]
[SourceTitle "CBM 069 Extra"]
[Source "ChessBase"]
[SourceDate "1999.05.10"]
[SourceVersion "1"]
[SourceVersionDate "1999.05.10"]
[SourceQuality "1"]

1. e4 e5 2. Nf3 Nc6 3. Bc4 Bc5 4. c3 Nf6 5. d3 d6 6. 0-0 Bb6 7. Bb3 Be6 8. Bc2 h6 9. Nbd2 0-0 10. Nc4 Nh7 11. a4 Bxc4 12. dxc4 a5 13. Rb1 g5 14. h3 Kh8 15. Nh2 Rg8 16. b4 axb4 17. cxb4 Nf6 18. Be3 Nd4 19. c5 dxc5 20. bxc5 Bxc5 21. Rxb7 g4 22. hxg4 Qc8 23. Rb5 Nxb5 24. Bxc5 Nd6 25. f4 Nxg4 26. fxe5 Nxe5 27. Qh5 Qe6 28. Bb3 Rg5 29. Qxg5 hxg5 30. Bxe6 fxe6 31. Bd4 Ra5 32. Ng4 Ndc4 33. Rf7 Kg8 34. Nh6+ Kh8 35. Rxc7 Rxa4 36. Nf7+ 1-0

[Event "Goodricke op 10th"]
[Site "Kolkata"]
[Date "1999.02.11"]
[Round "6"]
[White "Yogesh, Gore"]
[Black "Roktim, Bandyopadhyay"]
[Result "1-0"]
[WhiteElo "2320"]
[BlackElo "2370"]
[PlyCount "51"]
[EventDate "1999.02.06"]
[EventType "swiss"]
[EventRounds "11"]
[EventCountry "IND"]
[SourceTitle "CBM 069 Extra"]
[Source "ChessBase"]
[SourceDate "1999.05.10"]
[SourceVersion "1"]
[SourceVersionDate "1999.05.10"]
[SourceQuality "1"]

1. d4 Nf6 2. Nf3 e6 3. c4 Bb4+ 4. Bd2 Qe7 5. a3 Bxd2+ 6. Nbxd2 d6 7. e3 e5 8. Qc2 0-0 9. Bd3 Nc6 10. 0-0-0 Bg4 11. d5 Nb8 12. Rdg1 c6 13. dxc6 Bxf3 14. gxf3 bxc6 15. Ne4 Nbd7 16. Ng3 g6 17. h4 Nc5 18. h5 Nxd3+ 19. Qxd3 d5 20. Nf5 Qe6 21. c5 Nd7 22. Qc2 Kh8 23. Nd6 Kg7 24. f4 Kf6 25. hxg6 hxg6 26. f5 1-0